| 000 | 00642nam a2200229Ia 4500 | ||
|---|---|---|---|
| 008 | 240729s9999 xx 000 0 und d | ||
| 022 | _a2079-6439 | ||
| 245 | 0 | _aFibers | |
| 260 | _aSwitzerland | ||
| 260 | _bMDPI AG | ||
| 650 | _a Biology (General) | Science | ||
| 650 | _a Chemical technology | ||
| 650 | _a Chemical technology | ||
| 650 | _a Chemicals | ||
| 650 | _a Manufacture, use, etc. | Technology | ||
| 650 | _a Physics | ||
| 650 | _a Textile bleaching, dyeing, printing, etc. | Science | ||
| 650 | _aTechnology | ||
| 856 | _uhttps://doaj.org/toc/2b557b5e096e4f3bbc319b3796935c91 | ||
| 942 | _2ddc | ||
| 942 | _cDOAJEJ | ||
| 999 |
_c74027 _d74027 |
||
| 945 |
_a1 _bMadushi Gamage _c1 _dMadushi Gamage |
||